[Event "13. Festival Ciudad de Lorca 2024 - A"]
[White "Navarro Cabrera, Carlos"]
[Black "Carrascoso Morales, Abel"]
[Site "Lorca ESP"]
[Round "8.11"]
[Result "0-1"]
[Date "2024.12.30"]
[WhiteElo "2003"]
[BlackElo "2182"]
[PlyCount "68"]
[GameId "2132923664446261"]
[EventDate "2024.12.26"]
[EventCountry "ESP"]
[SourceTitle "Ajedrez en Madrid"]
[Source "lmi"]
[SourceDate "2024.12.26"]
[SourceVersion "1"]
[SourceVersionDate "2025.01.11"]
[SourceQuality "1"]

1. Nf3 Nf6 2. b3 g6 3. Bb2 Bg7 4. c4 O-O 5. g3 d6 6. d4 c5 7. Nc3 cxd4 8. Nxd4 d5 9. cxd5 Nxd5 10. Bg2 Nxc3 11. Bxc3 Qb6 12. e3 Nc6 13. Ne2 Rd8 14. Qc1 Bg4 15. Bxg7 Kxg7 16. Qb2+ Kg8 17. O-O Nb4 18. Nf4 g5 19. Nh3 Qh6 20. Qe5 Bxh3 21. Bxh3 Nc6 22. Qf5 e6 23. Qg4 f5 24. Qc4 Ne5 25. Qc7 Nf3+ 26. Kg2 g4 27. Bxg4 fxg4 28. h4 Qg7 29. Qc4 Rd5 30. Rfc1 Ne5 31. Qe4 Rf8 32. Rc2 Qg6 33. Qxg6+ hxg6 34. Rc7 Rd2 0-1

[Event "13. Festival Ciudad de Lorca 2024 - A"]
[White "Pastor Villalba, Arturo"]
[Black "Valdats, Reinis"]
[Site "Lorca ESP"]
[Round "8.12"]
[Result "0-1"]
[Date "2024.12.30"]
[WhiteElo "1891"]
[BlackElo "2176"]
[PlyCount "50"]
[GameId "2132923664446262"]
[EventDate "2024.12.26"]
[EventCountry "ESP"]
[SourceTitle "Ajedrez en Madrid"]
[Source "lmi"]
[SourceDate "2024.12.26"]
[SourceVersion "1"]
[SourceVersionDate "2025.01.11"]
[SourceQuality "1"]

1. d4 Nf6 2. c4 g6 3. Nc3 d5 4. Bf4 Bg7 5. e3 O-O 6. Rc1 c5 7. dxc5 Qa5 8. cxd5 Ne4 9. Nge2 Nxc5 10. Nd4 Rd8 11. Nb3 Nxb3 12. Qxb3 Na6 13. Bc4 Nc5 14. Qb5 Qxb5 15. Bxb5 Bf5 16. Rd1 a6 17. Be2 Rac8 18. g4 Bxc3+ 19. bxc3 Be4 20. f3 Bxd5 21. c4 Bc6 22. e4 Rxd1+ 23. Kxd1 Rd8+ 24. Kc2 Nxe4 25. Rd1 Ba4+ 0-1

[Event "13. Festival Ciudad de Lorca 2024 - A"]
[White "Fernandez Bustamante, Leancy B."]
[Black "Troidl, Thomas"]
[Site "Lorca ESP"]
[Round "8.13"]
[Result "1-0"]
[Date "2024.12.30"]
[WhiteElo "2129"]
[BlackElo "1945"]
[PlyCount "41"]
[GameId "2132923664450359"]
[EventDate "2024.12.26"]
[EventCountry "ESP"]
[SourceTitle "Ajedrez en Madrid"]
[Source "lmi"]
[SourceDate "2024.12.26"]
[SourceVersion "1"]
[SourceVersionDate "2025.01.11"]
[SourceQuality "1"]

1. e4 e5 2. Nf3 Nf6 3. Bc4 Nxe4 4. Nc3 Nc6 5. O-O Nxc3 6. dxc3 h6 7. Nxe5 Nxe5 8. Re1 Qf6 9. Qd4 d6 10. f4 Be6 11. Bxe6 fxe6 12. fxe5 dxe5 13. Qa4+ c6 14. Be3 Be7 15. Rf1 Qh4 16. Qb3 Qe4 17. Rae1 c5 18. Qxe6 Qc6 19. Qf7+ Kd8 20. Rd1+ Bd6 21. Qe6 1-0

[Event "13. Festival Ciudad de Lorca 2024 - A"]
[White "Alvarez Morales, Miguel"]
[Black "Boricha, Yohan"]
[Site "Lorca ESP"]
[Round "8.14"]
[Result "0-1"]
[Date "2024.12.30"]
[WhiteElo "2065"]
[BlackElo "1888"]
[PlyCount "60"]
[GameId "2132923664450360"]
[EventDate "2024.12.26"]
[EventCountry "ESP"]
[SourceTitle "Ajedrez en Madrid"]
[Source "lmi"]
[SourceDate "2024.12.26"]
[SourceVersion "1"]
[SourceVersionDate "2025.01.11"]
[SourceQuality "1"]

1. c4 e6 2. e4 d5 3. cxd5 exd5 4. exd5 Nf6 5. Bb5+ Nbd7 6. Nc3 Bd6 7. Qe2+ Qe7 8. Qxe7+ Bxe7 9. Nge2 O-O 10. d3 Nb6 11. Bc4 Rd8 12. O-O Nfxd5 13. Nxd5 Nxd5 14. Ng3 c6 15. Re1 Kf8 16. Bd2 Nb6 17. Bc3 Nxc4 18. dxc4 g6 19. Re2 Bg4 20. Bg7+ Ke8 21. f3 Be6 22. Rae1 Bb4 23. Rc1 Rd2 24. Kf1 Rad8 25. Ne4 Rxe2 26. Kxe2 f5 27. Ng5 Rd2+ 28. Kf1 Bg8 29. c5 Rd5 30. a3 Bd2 0-1

[Event "13. Festival Ciudad de Lorca 2024 - A"]
[White "Bartakke, Aditya"]
[Black "Fondrat, Johan"]
[Site "Lorca ESP"]
[Round "8.16"]
[Result "1-0"]
[Date "2024.12.30"]
[WhiteElo "1957"]
[BlackElo "2054"]
[PlyCount "83"]
[GameId "2132923664450362"]
[EventDate "2024.12.26"]
[EventCountry "ESP"]
[SourceTitle "Ajedrez en Madrid"]
[Source "lmi"]
[SourceDate "2024.12.26"]
[SourceVersion "1"]
[SourceVersionDate "2025.01.11"]
[SourceQuality "1"]

1. e4 c5 2. Nf3 e6 3. d4 cxd4 4. Nxd4 Nf6 5. Bd3 Nc6 6. Nb3 d5 7. Nc3 d4 8. Ne2 e5 9. O-O Bd6 10. f4 Nh5 11. f5 Nf6 12. Qe1 Be7 13. Qg3 g6 14. fxg6 hxg6 15. c3 dxc3 16. Nxc3 Ng4 17. h3 Qb6+ 18. Kh1 Bh4 19. Qf3 Nf2+ 20. Kh2 Ng4+ 21. Kh1 Nf2+ 22. Kh2 Bg4 23. hxg4 Be7+ 24. Kg3 Bh4+ 25. Kh2 Nd4 26. Nxd4 Qxd4 27. Bb5+ Kf8 28. g3 Bxg3+ 29. Kxg3 Rh3+ 30. Kg2 Rxf3 31. Kxf3 Nh3 32. Be3 Qd8 33. Kg3 Nf4 34. Rad1 Qb8 35. Bc5+ Kg7 36. Bd6 Qh8 37. Bxe5+ f6 38. Rd7+ Kg8 39. Rxf4 Qh1 40. Rxf6 Qg1+ 41. Kh4 Qh2+ 42. Bxh2 1-0

[Event "13. Festival Ciudad de Lorca 2024 - A"]
[White "Mitul, K H"]
[Black "Perez Epinin, Gines"]
[Site "Lorca ESP"]
[Round "8.17"]
[Result "1-0"]
[Date "2024.12.30"]
[WhiteElo "1834"]
[BlackElo "2052"]
[PlyCount "123"]
[GameId "2132923664450363"]
[EventDate "2024.12.26"]
[EventCountry "ESP"]
[SourceTitle "Ajedrez en Madrid"]
[Source "lmi"]
[SourceDate "2024.12.26"]
[SourceVersion "1"]
[SourceVersionDate "2025.01.11"]
[SourceQuality "1"]

1. e4 c5 2. Nf3 d6 3. d4 cxd4 4. Nxd4 Nf6 5. Nc3 Nc6 6. Bg5 e6 7. Qd2 a6 8. O-O-O Bd7 9. f3 Be7 10. Kb1 Qc7 11. Nxc6 Bxc6 12. h4 b5 13. Ne2 d5 14. e5 Ng8 15. Nd4 Bc5 16. Nb3 Bb6 17. Be3 Ne7 18. Bxb6 Qxb6 19. Qg5 Nf5 20. Bd3 h6 21. Qg4 h5 22. Qg5 Qe3 23. Bxf5 Qxg5 24. hxg5 exf5 25. Nd4 Bd7 26. Ne2 Be6 27. Nf4 g6 28. Nxd5 Bxd5 29. Rxd5 Ke7 30. f4 Rhd8 31. Rhd1 Rxd5 32. Rxd5 Rc8 33. Rd4 h4 34. c3 Rh8 35. Rd3 Rc8 36. Rd4 Rh8 37. Rd6 h3 38. gxh3 Rxh3 39. a4 Rf3 40. axb5 axb5 41. Rd4 Rf2 42. Ka2 Ke6 43. Ka3 Ke7 44. b3 Rf3 45. Kb4 Ke6 46. Kxb5 Rxc3 47. b4 Re3 48. Kc4 Re1 49. b5 Rc1+ 50. Kb4 Rb1+ 51. Kc5 Rc1+ 52. Kb6 Re1 53. Kc6 Re4 54. Kc5 Re1 55. b6 Rb1 56. Kc6 Rc1+ 57. Kb7 Rb1 58. Kc7 Rc1+ 59. Kb8 Rb1 60. b7 Rb2 61. Rd6+ Ke7 62. Kc7 1-0

[Event "13. Festival Ciudad de Lorca 2024 - A"]
[White "Escudero Ribo, Eloi"]
[Black "Cano Mateos, Pablo"]
[Site "Lorca ESP"]
[Round "8.19"]
[Result "1/2-1/2"]
[Date "2024.12.30"]
[WhiteElo "1903"]
[BlackElo "2067"]
[PlyCount "70"]
[GameId "2132923664450365"]
[EventDate "2024.12.26"]
[EventCountry "ESP"]
[SourceTitle "Ajedrez en Madrid"]
[Source "lmi"]
[SourceDate "2024.12.26"]
[SourceVersion "1"]
[SourceVersionDate "2025.01.11"]
[SourceQuality "1"]

1. Nf3 Nf6 2. c4 e6 3. e3 d5 4. Nc3 Be7 5. Be2 O-O 6. O-O b6 7. b3 c5 8. cxd5 exd5 9. d4 Nc6 10. Bb2 Bb7 11. Rc1 Rc8 12. a3 cxd4 13. Nxd4 Nxd4 14. Qxd4 Bc5 15. Qh4 Ne4 16. Qxd8 Rfxd8 17. b4 Be7 18. Nb5 a6 19. Nd4 Nd2 20. Rxc8 Rxc8 21. Rd1 Nc4 22. Bxc4 dxc4 23. Nf5 Bf8 24. Bxg7 c3 25. Bxf8 c2 26. Rc1 Kxf8 27. f3 Rc3 28. Nd4 Rxe3 29. Rxc2 Re5 30. Rc7 Bd5 31. Ra7 Bc4 32. Rb7 Rd5 33. Nc6 Rd1+ 34. Kf2 Ra1 35. Rxb6 Rxa3 1/2-1/2

[Event "13. Festival Ciudad de Lorca 2024 - A"]
[White "Mendez Gimenez, Nestor Emmanuel"]
[Black "Vaddhireddy, Sai"]
[Site "Lorca ESP"]
[Round "8.20"]
[Result "1-0"]
[Date "2024.12.30"]
[WhiteElo "1893"]
[BlackElo "1962"]
[PlyCount "75"]
[GameId "2132923664450366"]
[EventDate "2024.12.26"]
[EventCountry "ESP"]
[SourceTitle "Ajedrez en Madrid"]
[Source "lmi"]
[SourceDate "2024.12.26"]
[SourceVersion "1"]
[SourceVersionDate "2025.01.11"]
[SourceQuality "1"]

1. e4 c6 2. d4 d5 3. Nc3 dxe4 4. Nxe4 Nf6 5. Nxf6+ exf6 6. c3 Bd6 7. Bd3 O-O 8. Qc2 Re8+ 9. Ne2 h5 10. O-O h4 11. h3 Nd7 12. Be3 Nf8 13. c4 Bc7 14. Rfe1 g5 15. Qd2 Qd6 16. f4 Ne6 17. c5 Qd8 18. Bc4 Ng7 19. fxg5 Nf5 20. Bf4 Bxf4 21. Nxf4 Rxe1+ 22. Rxe1 fxg5 23. Ng6 Qxd4+ 24. Qxd4 Nxd4 25. Re8+ Kg7 26. Ne7 Be6 27. Rxa8 Bxc4 28. Rxa7 Kf6 29. Rxb7 Bxa2 30. Nc8 Ne2+ 31. Kf2 Nf4 32. Nb6 Ke5 33. b4 Bb3 34. b5 Nd3+ 35. Kg1 Nxc5 36. bxc6 Kd6 37. c7 Be6 38. c8=Q 1-0

[Event "13. Festival Ciudad de Lorca 2024 - A"]
[White "Vinuesa Sorli, Ruben"]
[Black "Peschardt, Soren"]
[Site "Lorca ESP"]
[Round "8.21"]
[Result "1-0"]
[Date "2024.12.30"]
[WhiteElo "2291"]
[BlackElo "1895"]
[PlyCount "77"]
[GameId "2132923664454463"]
[EventDate "2024.12.26"]
[EventCountry "ESP"]
[SourceTitle "Ajedrez en Madrid"]
[Source "lmi"]
[SourceDate "2024.12.26"]
[SourceVersion "1"]
[SourceVersionDate "2025.01.11"]
[SourceQuality "1"]

1. e4 d5 2. exd5 Qxd5 3. Nf3 Nf6 4. d4 Bg4 5. Be2 e6 6. O-O c6 7. c4 Qd8 8. Nc3 Bd6 9. Qb3 Qb6 10. Qa4 Qc7 11. h3 Bh5 12. Rd1 O-O 13. Be3 Nbd7 14. b4 a6 15. Qb3 Bf4 16. Bxf4 Qxf4 17. Ne1 Bxe2 18. Nxe2 Qc7 19. Nc3 Rfe8 20. Nf3 Rac8 21. c5 Qf4 22. Nd2 Re7 23. Nc4 Ne8 24. Rd3 Ndf6 25. a4 Rd8 26. Rad1 Red7 27. Ne2 Qh4 28. b5 axb5 29. axb5 Ne4 30. Ng3 Nxg3 31. fxg3 Qe4 32. Re3 Qf5 33. bxc6 bxc6 34. Qb2 Rd5 35. Rf3 Qe4 36. Rf4 Qg6 37. Qb7 Rxc5 38. Qe7 Rcd5 39. Ne5 1-0

[Event "13. Festival Ciudad de Lorca 2024 - A"]
[White "Hanache, Kai"]
[Black "Leiva Raya, Nicolas"]
[Site "Lorca ESP"]
[Round "8.22"]
[Result "0-1"]
[Date "2024.12.30"]
[WhiteElo "2080"]
[BlackElo "1891"]
[PlyCount "118"]
[GameId "2132923664454464"]
[EventDate "2024.12.26"]
[EventCountry "ESP"]
[SourceTitle "Ajedrez en Madrid"]
[Source "lmi"]
[SourceDate "2024.12.26"]
[SourceVersion "1"]
[SourceVersionDate "2025.01.11"]
[SourceQuality "1"]

1. e4 c6 2. d4 d5 3. e5 c5 4. dxc5 e6 5. a3 Bxc5 6. Qg4 g6 7. Bd3 Qb6 8. Qg3 Nc6 9. Nf3 Qc7 10. Qf4 f6 11. exf6 Qxf4 12. Bxf4 Nxf6 13. b4 Bb6 14. b5 Nd4 15. Nbd2 O-O 16. Be5 Nxf3+ 17. Nxf3 Ng4 18. Bg3 e5 19. h3 e4 20. hxg4 exd3 21. cxd3 Bxg4 22. Ne5 Rae8 23. O-O Be2 24. Rfe1 Rxe5 25. Bxe5 Bxf2+ 26. Kh1 Bxe1 27. Rxe1 Rf1+ 28. Rxf1 Bxf1 29. a4 Bxd3 30. Bb8 a6 31. bxa6 Bxa6 32. Kg1 Kf7 33. Kf2 Kf6 34. Ke3 Kf5 35. Kf3 h5 36. Ba7 g5 37. Bb6 h4 38. Ke3 g4 39. Kd4 Bf1 40. Bd8 h3 41. gxh3 gxh3 42. Bc7 Kg4 43. Ke3 d4+ 44. Ke4 d3 45. Ke3 d2 46. Kxd2 Kf3 47. a5 Kg2 48. a6 Bxa6 49. Kc3 h2 50. Bxh2 Kxh2 51. Kd4 Kg3 52. Kc5 Kf4 53. Kb6 Ke5 54. Kc5 Be2 55. Kb6 Bf3 56. Kc5 Bg2 57. Kb5 Kd6 58. Kb6 Bf3 59. Kb5 Kc7 0-1

[Event "13. Festival Ciudad de Lorca 2024 - A"]
[White "Jansone, Melanija Luize"]
[Black "Bercaru, Vlad Ionut"]
[Site "Lorca ESP"]
[Round "8.23"]
[Result "0-1"]
[Date "2024.12.30"]
[WhiteElo "1885"]
[BlackElo "2065"]
[PlyCount "147"]
[GameId "2132923664454465"]
[EventDate "2024.12.26"]
[EventCountry "ESP"]
[SourceTitle "Ajedrez en Madrid"]
[Source "lmi"]
[SourceDate "2024.12.26"]
[SourceVersion "1"]
[SourceVersionDate "2025.01.11"]
[SourceQuality "1"]

1. e4 c5 2. Nf3 Nc6 3. d4 cxd4 4. Nxd4 Nf6 5. Nc3 e5 6. Ndb5 d6 7. Bg5 a6 8. Na3 b5 9. Nd5 Be7 10. Bxf6 Bxf6 11. c3 O-O 12. Be2 Bg5 13. O-O Be6 14. Nc2 Rb8 15. a4 bxa4 16. Rxa4 Rxb2 17. Bxa6 Qb8 18. Ncb4 Nxb4 19. Rxb4 Rxb4 20. Nxb4 Qc7 21. Nd5 Qc5 22. c4 Bd8 23. h3 Bxd5 24. cxd5 Bb6 25. Qg4 Qa5 26. Be2 Bc5 27. Qf5 g6 28. Qf6 Qd8 29. Qxd8 Rxd8 30. Rb1 Ra8 31. Rb2 Ra1+ 32. Bf1 Re1 33. Re2 Rb1 34. g4 Kg7 35. Kg2 Rb4 36. f3 h5 37. Rc2 h4 38. Ra2 Kf6 39. Rc2 Kg5 40. Be2 Kf4 41. Bf1 Rb3 42. Be2 Rb1 43. Bf1 Bd4 44. Rd2 Ra1 45. Rc2 Ra3 46. Be2 Bc5 47. Rb2 f6 48. Rd2 Rc3 49. Rb2 Be3 50. Ra2 Bc1 51. Bd1 Ba3 52. Rc2 Rd3 53. Be2 Rb3 54. Ra2 Bc5 55. Rc2 Ke3 56. Bf1 Bd4 57. Bc4 Ra3 58. Bf1 Kf4 59. Be2 Bc3 60. Kf2 Bd4+ 61. Kg2 f5 62. gxf5 gxf5 63. exf5 Kxf5 64. Rd2 Kf4 65. Rc2 Ke3 66. Bb5 Kf4 67. Be2 Ra1 68. Bf1 Ra7 69. Be2 Rg7+ 70. Kh2 Ke3 71. Bd1 Rb7 72. Re2+ Kd3 73. Re4 Rb2+ 74. Kh1 0-1

[Event "13. Festival Ciudad de Lorca 2024 - A"]
[White "Sala Esquiva, Miguel"]
[Black "Maklakova, Nellija"]
[Site "Lorca ESP"]
[Round "8.24"]
[Result "0-1"]
[Date "2024.12.30"]
[WhiteElo "2015"]
[BlackElo "1885"]
[PlyCount "94"]
[GameId "2132923664454466"]
[EventDate "2024.12.26"]
[EventCountry "ESP"]
[SourceTitle "Ajedrez en Madrid"]
[Source "lmi"]
[SourceDate "2024.12.26"]
[SourceVersion "1"]
[SourceVersionDate "2025.01.11"]
[SourceQuality "1"]

1. e4 e6 2. d4 d5 3. e5 c5 4. c3 Bd7 5. Nf3 Nc6 6. Be2 f5 7. Ng5 g6 8. h4 h5 9. Rh3 cxd4 10. cxd4 Qb6 11. Nf3 Nh6 12. Nc3 Na5 13. Kf1 Rc8 14. Ne1 Nc4 15. Nc2 Ng4 16. b3 Ncxe5 17. Ne3 Nc6 18. Bb2 Be7 19. a3 O-O 20. Na4 Qd8 21. Qd3 Kg7 22. Rh1 Bxh4 23. g3 Nxe3+ 24. Qxe3 Bg5 25. f4 Bf6 26. Nc5 b6 27. Nd3 Na5 28. Ne5 Be8 29. Kg2 Rc2 30. Bc3 Bb5 31. Rhe1 Bxe5 32. fxe5 f4 33. gxf4 Qh4 34. Bd2 Rxd2 35. Qxd2 Rxf4 36. Bxb5 Qg5+ 37. Kh1 Rh4+ 38. Qh2 Rxh2+ 39. Kxh2 Nxb3 40. Rad1 Qh4+ 41. Kg2 Nxd4 42. Bd3 Qg4+ 43. Kf2 Qf3+ 44. Kg1 Qg3+ 45. Kf1 Nf3 46. Ke2 Qg2+ 47. Ke3 d4+ 0-1

[Event "13. Festival Ciudad de Lorca 2024 - A"]
[White "Lazars, Krisjanis"]
[Black "Maklakova, Naomi"]
[Site "Lorca ESP"]
[Round "8.25"]
[Result "1-0"]
[Date "2024.12.30"]
[WhiteElo "1858"]
[BlackElo "2003"]
[PlyCount "71"]
[GameId "2132923664454467"]
[EventDate "2024.12.26"]
[EventCountry "ESP"]
[SourceTitle "Ajedrez en Madrid"]
[Source "lmi"]
[SourceDate "2024.12.26"]
[SourceVersion "1"]
[SourceVersionDate "2025.01.11"]
[SourceQuality "1"]

1. e4 e5 2. Nf3 Nc6 3. Bb5 a6 4. Ba4 Nf6 5. d3 b5 6. Bb3 Bc5 7. a4 Bb7 8. axb5 axb5 9. Rxa8 Qxa8 10. Nc3 O-O 11. O-O b4 12. Ne2 Re8 13. Bg5 Na5 14. Bxf6 gxf6 15. Qc1 Nxb3 16. cxb3 Bf8 17. Ng3 d5 18. Nh5 Re6 19. Rd1 dxe4 20. Nh4 exd3 21. Rxd3 Ra6 22. Rd1 Bc8 23. h3 Qe4 24. Nf3 Qg6 25. Ng3 Bd6 26. Qc4 Bb7 27. Nh4 Qg7 28. Nhf5 Qf8 29. Nh5 e4 30. Nxf6+ Kh8 31. Qd4 c5 32. Qe3 Bh2+ 33. Kxh2 Rxf6 34. Qxc5 Qb8+ 35. Kg1 Rg6 36. Rd7 1-0

[Event "13. Festival Ciudad de Lorca 2024 - A"]
[White "Medhvansh, Madeti"]
[Black "Adarsh, D."]
[Site "Lorca ESP"]
[Round "8.26"]
[Result "1/2-1/2"]
[Date "2024.12.30"]
[WhiteElo "1879"]
[BlackElo "1987"]
[PlyCount "103"]
[GameId "2132923664454468"]
[EventDate "2024.12.26"]
[EventCountry "ESP"]
[SourceTitle "Ajedrez en Madrid"]
[Source "lmi"]
[SourceDate "2024.12.26"]
[SourceVersion "1"]
[SourceVersionDate "2025.01.11"]
[SourceQuality "1"]

1. e4 e5 2. Nf3 Nc6 3. Bb5 a6 4. Ba4 Nf6 5. d3 b5 6. Bb3 Be7 7. a4 Bb7 8. O-O O-O 9. Nc3 b4 10. Ne2 d5 11. exd5 Nxd5 12. a5 Kh8 13. Ng3 Nf4 14. d4 Bd6 15. Nxe5 Nxe5 16. dxe5 Bxe5 17. Bxf4 Bxf4 18. Qg4 Qg5 19. Qxg5 Bxg5 20. Rad1 Rad8 21. Bc4 Kg8 22. b3 g6 23. Ne2 c5 24. f4 Bf6 25. Nc1 Bd4+ 26. Kh1 Kg7 27. Nd3 f6 28. Rfe1 Rfe8 29. h3 Kf8 30. Rxe8+ Kxe8 31. Re1+ Kd7 32. Re6 Bc6 33. f5 gxf5 34. Nf4 Be5 35. Nh5 Rf8 36. Ng7 f4 37. Nf5 Re8 38. Rxe8 Kxe8 39. Bxa6 Bc7 40. Bc4 Bxa5 41. Bg8 Kf8 42. Bc4 Be4 43. Bd3 Bxd3 44. cxd3 Bc7 45. Kg1 Kf7 46. Kf2 Ke6 47. Nh4 Kd5 48. Nf3 Be5 49. Ke2 Bd4 50. Kf1 Bc3 51. Ke2 f5 52. Kd1 1/2-1/2

[Event "13. Festival Ciudad de Lorca 2024 - A"]
[White "Diaz Rodriguez, Jose Antonio"]
[Black "Guirado Castillo, Pablo"]
[Site "Lorca ESP"]
[Round "8.27"]
[Result "1-0"]
[Date "2024.12.30"]
[WhiteElo "1973"]
[BlackElo "1698"]
[PlyCount "61"]
[GameId "2132923664454469"]
[EventDate "2024.12.26"]
[EventCountry "ESP"]
[SourceTitle "Ajedrez en Madrid"]
[Source "lmi"]
[SourceDate "2024.12.26"]
[SourceVersion "1"]
[SourceVersionDate "2025.01.11"]
[SourceQuality "1"]

1. e4 e6 2. d4 d5 3. Nd2 h6 4. e5 c5 5. c3 Nc6 6. Ngf3 g5 7. h3 cxd4 8. cxd4 Qb6 9. Bd3 Bd7 10. Nb3 Bb4+ 11. Kf1 Be7 12. g3 Nb4 13. Bb1 Qa6+ 14. Kg2 Bb5 15. Re1 Bd3 16. a3 Bxb1 17. Rxb1 Nc6 18. Nc5 Bxc5 19. dxc5 Nge7 20. b4 b5 21. Qd3 Qb7 22. Kg1 a6 23. h4 g4 24. Nd4 Nxd4 25. Qxd4 h5 26. Bg5 Nf5 27. Qd3 Qc6 28. Ra1 Kd7 29. Ra2 a5 30. bxa5 Qxc5 31. Rc2 1-0

[Event "13. Festival Ciudad de Lorca 2024 - A"]
[White "Fernandez Calzada, Juan A."]
[Black "Bryant, Harry"]
[Site "Lorca ESP"]
[Round "8.28"]
[Result "0-1"]
[Date "2024.12.30"]
[WhiteElo "1773"]
[BlackElo "1971"]
[PlyCount "148"]
[GameId "2132923664458566"]
[EventDate "2024.12.26"]
[EventCountry "ESP"]
[SourceTitle "Ajedrez en Madrid"]
[Source "lmi"]
[SourceDate "2024.12.26"]
[SourceVersion "1"]
[SourceVersionDate "2025.01.11"]
[SourceQuality "1"]

1. d4 Nf6 2. Bf4 d5 3. e3 c5 4. dxc5 Nc6 5. Bb5 Qa5+ 6. Nc3 a6 7. Bxc6+ bxc6 8. Nge2 Qxc5 9. O-O g6 10. h3 Bg7 11. a3 O-O 12. Na4 Qa5 13. Nec3 Re8 14. b4 Qd8 15. Be5 Nh5 16. Bxg7 Nxg7 17. Nc5 e5 18. N3a4 f5 19. Qd2 Qg5 20. f4 Qe7 21. Rae1 Nh5 22. Kh2 Qh4 23. Qf2 Qxf2 24. Rxf2 exf4 25. Rf3 Ra7 26. Nb6 Rae7 27. c3 fxe3 28. Nxc8 Rxc8 29. g4 Ng7 30. Rfxe3 Rxe3 31. Rxe3 Kf7 32. a4 Ra8 33. a5 f4 34. Re2 g5 35. Kg2 Ra7 36. Kf3 Kf6 37. Kf2 Ra8 38. Nd7+ Kf7 39. Nc5 h5 40. Re5 hxg4 41. hxg4 Rh8 42. Nxa6 Rh2+ 43. Kf1 Ne8 44. Rxg5 Nd6 45. Rh5 Rc2 46. Nc5 Kg6 47. Rh8 Kg7 48. Rd8 Nc4 49. Ne6+ Kf6 50. Nxf4 Rxc3 51. Ne2 Rb3 52. a6 Ra3 53. Ra8 Nb6 54. Ra7 Ke5 55. g5 Nc8 56. Rc7 d4 57. Rxc8 d3 58. Re8+ Kf5 59. Nd4+ Kxg5 60. Ra8 Ra1+ 61. Kf2 Kf4 62. Ne6+ Ke5 63. a7 d2 64. Rd8 Kxe6 65. Ke2 d1=Q+ 66. Rxd1 Rxa7 67. Kd3 Rd7+ 68. Kc2 Rxd1 69. Kxd1 Kd5 70. Kc2 Kc4 71. b5 cxb5 72. Kb2 Kb4 73. Kb1 Kb3 74. Kc1 Ka2 0-1

[Event "13. Festival Ciudad de Lorca 2024 - A"]
[White "Herrero Pena, Laura"]
[Black "Lasheras Martinez, Juan Thomas"]
[Site "Lorca ESP"]
[Round "8.29"]
[Result "0-1"]
[Date "2024.12.30"]
[WhiteElo "1804"]
[BlackElo "2128"]
[PlyCount "72"]
[GameId "2132923664458567"]
[EventDate "2024.12.26"]
[EventCountry "ESP"]
[SourceTitle "Ajedrez en Madrid"]
[Source "lmi"]
[SourceDate "2024.12.26"]
[SourceVersion "1"]
[SourceVersionDate "2025.01.11"]
[SourceQuality "1"]

1. e4 e5 2. Nf3 Nc6 3. Bc4 Bc5 4. c3 Nf6 5. d4 exd4 6. e5 d5 7. Bb5 Ne4 8. cxd4 Bb6 9. Nc3 O-O 10. Be3 Bg4 11. h3 Bh5 12. Qc2 Bg6 13. Qb3 Ne7 14. Nh4 c6 15. Nxg6 hxg6 16. Bd3 Nf5 17. Nxe4 Nxe3 18. fxe3 dxe4 19. Bc4 Qh4+ 20. Ke2 Qg3 21. Rhg1 c5 22. dxc5 Bxc5 23. Raf1 Rad8 24. Rxf7 Rxf7 25. Bxf7+ Kh7 26. Qc3 b6 27. Bc4 Rd3 28. Bxd3 Qxe3+ 29. Kd1 Qxg1+ 30. Kc2 Bd4 31. Qb3 Qf2+ 32. Kd1 exd3 33. Qxd3 Qe3 34. Qa6 Bxe5 35. Qxa7 Qd3+ 36. Ke1 Bg3# 0-1

[Event "13. Festival Ciudad de Lorca 2024 - A"]
[White "Guirado Lara, Pablo"]
[Black "Ramos Saavedra, Mario"]
[Site "Lorca ESP"]
[Round "8.30"]
[Result "0-1"]
[Date "2024.12.30"]
[WhiteElo "1735"]
[BlackElo "1983"]
[PlyCount "182"]
[GameId "2132923664458568"]
[EventDate "2024.12.26"]
[EventCountry "ESP"]
[SourceTitle "Ajedrez en Madrid"]
[Source "lmi"]
[SourceDate "2024.12.26"]
[SourceVersion "1"]
[SourceVersionDate "2025.01.11"]
[SourceQuality "1"]

1. d4 Nf6 2. Nf3 g6 3. Bf4 Bg7 4. e3 O-O 5. h3 d6 6. Be2 Nc6 7. O-O e5 8. Bh2 Ne4 9. dxe5 dxe5 10. Qxd8 Rxd8 11. Nc3 Nxc3 12. bxc3 f6 13. Rfd1 Be6 14. a4 Na5 15. e4 b6 16. Rd3 Bc4 17. Rxd8+ Rxd8 18. Bd3 Kf8 19. Ne1 Bh6 20. Rd1 Nb7 21. Rb1 Be6 22. Kf1 Bd2 23. c4 a5 24. Ke2 Bh6 25. g4 Nc5 26. Ra1 Bd7 27. Ng2 Bxa4 28. f4 exf4 29. Bxf4 Bxf4 30. Nxf4 Bc6 31. Nd5 Bxd5 32. cxd5 Ke7 33. h4 Kd6 34. g5 Rf8 35. Rf1 Nd7 36. Rh1 Ne5 37. gxf6 Rxf6 38. h5 g5 39. Ke3 h6 40. Be2 Rf4 41. Kd4 c6 42. dxc6 Nxc6+ 43. Ke3 Ke5 44. Rd1 Rxe4+ 45. Kf2 Nd4 46. Bd3 Rh4 47. Rb1 Rxh5 48. Rxb6 Nxc2 49. Bxc2 Rh2+ 50. Kg3 Rxc2 51. Rb5+ Kf6 52. Rxa5 Rc3+ 53. Kg4 Rc4+ 54. Kg3 Rc3+ 55. Kg4 Rc4+ 56. Kg3 Rc6 57. Kg4 Kg6 58. Rb5 h5+ 59. Kg3 Rc3+ 60. Kg2 h4 61. Rb8 Kh5 62. Rb5 Rg3+ 63. Kh2 Re3 64. Kg2 Kg4 65. Rb4+ Kf5 66. Rb8 Re5 67. Ra8 Kf4 68. Rf8+ Rf5 69. Ra8 Re5 70. Rf8+ Kg4 71. Ra8 Re2+ 72. Kg1 h3 73. Ra4+ Kg3 74. Ra3+ Kg4 75. Ra4+ Kf3 76. Ra8 g4 77. Rf8+ Kg3 78. Rf1 Rg2+ 79. Kh1 Rf2 80. Rg1+ Kf3 81. Ra1 g3 82. Ra3+ Kg4 83. Ra4+ Rf4 84. Ra1 g2+ 85. Kh2 Rf1 86. Ra4+ Kf5 87. Ra5+ Ke4 88. Ra4+ Kd5 89. Ra5+ Kc4 90. Ra4+ Kb5 91. Rg4 Rh1+ 0-1

[Event "13. Festival Ciudad de Lorca 2024 - A"]
[White "Strekalovs, Ernests"]
[Black "Kong, Lingzhijie"]
[Site "Lorca ESP"]
[Round "8.31"]
[Result "0-1"]
[Date "2024.12.30"]
[WhiteElo "1639"]
[BlackElo "1816"]
[PlyCount "80"]
[GameId "2132923664458569"]
[EventDate "2024.12.26"]
[EventCountry "ESP"]
[SourceTitle "Ajedrez en Madrid"]
[Source "lmi"]
[SourceDate "2024.12.26"]
[SourceVersion "1"]
[SourceVersionDate "2025.01.11"]
[SourceQuality "1"]

1. Nf3 c5 2. g3 g6 3. Bg2 Bg7 4. d3 Nc6 5. Nbd2 d5 6. O-O e5 7. e4 d4 8. a4 Be6 9. b3 b6 10. Nc4 Nge7 11. Bd2 O-O 12. Qc1 a6 13. Bh6 Qc7 14. Bxg7 Kxg7 15. h4 b5 16. Nb2 h5 17. Ng5 Bd7 18. f4 Na5 19. f5 f6 20. Nh3 c4 21. b4 Nb7 22. a5 cxd3 23. cxd3 Rac8 24. fxg6 Qxc1 25. Raxc1 Nc6 26. Rf2 Nxb4 27. Rcf1 Nc2 28. Nd1 Bg4 29. Kh2 Nxa5 30. Bf3 Bxf3 31. Rxf3 Nb3 32. R3f2 a5 33. Rf5 Kxg6 34. g4 hxg4 35. Rg1 Ne3 36. Nxe3 dxe3 37. Rxg4+ Kh6 38. h5 e2 39. Rg6+ Kh7 40. Rg1 Rc1 0-1